000 00742nam a22002292 4500
001 0000009208
005 20151217152051.0
008 080912s xx 000 0 eng d
020 _a0446691828 :
_cKES 1490
040 _aKABU
_cKABU
100 1 _aKiyosaki, Robert T.
_@0000157284
245 1 0 _aRich dad's who took my money? :
_bwhy slow investors lose and fast money wins /
_cRobert T. Kiyosaki with Sharon L. Lechter.
250 _a1st ed.
260 _aNew York :
_bWarner,
_c2004.
300 _axxiii, 243 p.
650 0 _aInvestments.
_@0000105741
650 0 _aFinance, Personal.
_@0000152441
700 1 _aLechter, Sharon L.
_@0000158204
908 _a080912
950 _@1
999 _c7829
_d7829